书目信息 |
| 题名: |
过往的君子听我言
|
|
| 作者: | 徐城北 著 ;韩伍 绘 | |
| 分册: | ||
| 出版信息: | 西安 陕西人民出版社 2008.06 |
|
| 页数: | 176页 | |
| 开本: | 23cm | |
| 丛书名: | ||
| 单 册: | ||
| 中图分类: | J821 | |
| 科图分类: | ||
| 主题词: | 京剧--jing ju--通俗读物 | |
| 电子资源: | ||
| ISBN: | 978-7-224-08481-8 | |
| 000 | 00888nam0 2200253 450 | |
| 001 | 012009019874 | |
| 005 | 20090622180526.71 | |
| 010 | @a978-7-224-08481-8@dCNY19.80 | |
| 100 | @a20090622d2008 em y0chi0120 ea | |
| 101 | 0 | @achi |
| 102 | @aCN@b610000 | |
| 105 | @aa z 000yy | |
| 106 | @ar | |
| 200 | 1 | @a过往的君子听我言@Aguo wang de jun zi ting wo yan@e京剧闲闲说@f徐城北著@Fxu cheng bei zhu@g韩伍绘@Ghan wu hui |
| 210 | @a西安@c陕西人民出版社@d2008.06 | |
| 215 | @a176页@c图@d23cm | |
| 330 | @a本书介绍了传统京剧的艺术,内容包括般般假反成真、技有规戏有矩、先成名后成派、未来京剧等,为读者寻找一条从看戏到懂戏、迷恋戏的途径。 | |
| 517 | 1 | @a京剧闲闲说@Ajing ju xian xian shuo |
| 606 | 0 | @a京剧@Ajing ju@j通俗读物 |
| 690 | @aJ821@v4 | |
| 701 | 0 | @a徐城北@Axu cheng bei@4著 |
| 702 | 0 | @a韩伍@Ahan wu@4绘 |
| 801 | 0 | @aCN@bQSSK@c20090622 |
| 905 | @b747974-76@dJ821@eX680@f3 | |
| 过往的君子听我言:京剧闲闲说/徐城北著/韩伍绘.-西安:陕西人民出版社,2008.06 |
| 176页:图;23cm |
| ISBN 978-7-224-08481-8:CNY19.80 |
| 本书介绍了传统京剧的艺术,内容包括般般假反成真、技有规戏有矩、先成名后成派、未来京剧等,为读者寻找一条从看戏到懂戏、迷恋戏的途径。 |
| ● |
| 相关链接 |
|
|
|
正题名:过往的君子听我言
索取号:J821/X680
 
预约/预借
| 序号 | 登录号 | 条形码 | 馆藏地/架位号 | 状态 | 备注 |
| 1 | 747974 | 207479744 | 社科库309/309社科库 96排1列1层/ [索取号:J821/X680] | 在馆 | |
| 2 | 747975 | 207479753 | 社科库309/309社科库 96排1列1层/ [索取号:J821/X680] | 在馆 | |
| 3 | 747976 | 207479762 | 社科库309/309社科库 96排1列1层/ [索取号:J821/X680] | 在馆 |